Card Games For Kids - Statistics

General Stats
  • This quiz has been taken 120 times
  • The average score is 6 of 14
Answer Stats
Hint Answer % Correct
This game is very fishy... Go fish
95%
This old lady won't be happy if you leave your cards out. Old maid
73%
Contrary to it's name, it doesn't work well with 8 crazy people. Crazy 8's
68%
Don't slap the jack! Slapjack
55%
Whatever a meld is, you'll need lots of them in this game that rhymes with "mummy". Rummy
51%
Spoon your way to victory in this grabby game. Spoons
43%
This organy game is anything but truly cardiovascular. Hearts
42%
Make Dora The Explorer happy by winning this game that requires some Spanish. Uno®
40%
Don't try this at home. Period. You might be missing an arm or two. War
32%
This sloppy animal shouldn't be allowed to play. Pig
19%
A finger motion that is onomatopoeic. Snap
18%
You're going to need a lot of it if you play this. Concentration
13%
I doubt that you'll get this doubtful game. I doubt it!
7%
Don't let the ace get away, or you'll have to get it back! Catch the ace
2%
No matching quizzes found
Score Distribution
Percent of People with Each Score
Percentile by Number Answered
Your Score History
You have not taken this quiz